=LDR 00000nam 2200000 4500 =001 INLIS000000000001599 =005 20130612090012 =008 ***********************************Ind** =035 ##$$0010-061300000001599 =041 ##$$a Ind =082 ##$$a 2x6.13 =090 ##$$a 2x6.13, Son-m =100 ##$$a SOMA, Syafari =245 ##$$a Menanggulangi remaja, Kriminal Islam sebagai alternatif, Syafari Soma =260 ##$$a 2000 $b Bandung =300 ##$$a viii, 250 hlm, 20 cm =650 ##$$a Islam dan Pembinaan Remaja =850 ##$$a NBPNMAT